| 000 | 00629nam a22001457a 4500 | ||
|---|---|---|---|
| 020 | _a0-590-41562-X | ||
| 082 |
_a793 _bLEV/G |
||
| 100 | _aLEVY, ELIZEBETH | ||
| 245 |
_aTHE GYMNASTS _bTHE BEGINNERS |
||
| 260 |
_aNEW YORK _bSCHOLASTIC _c1988 |
||
| 300 | _a121 | ||
| 520 | _aCindi, Lauren, Darlene, and Jodi are all "acorns", members of the junior team at the Evergreen Gymnastic Academy. Senior gymnast Becky is making things difficult for the acorns with her annoying practical jokes. But when she gives Lauren some false advice during the gymnastic meet, the acorns vow revenge. | ||
| 650 |
_aSPORTS _zUNITED STATES |
||
| 942 | _cBK | ||
| 999 |
_c6251 _d6251 |
||